[Event "Slovan op"]
[Site "Bratislava"]
[Date "1994.??.??"]
[Round "?"]
[White "Privara, Igor"]
[Black "Zatonskih, Anna"]
[Result "1-0"]
[WhiteElo "2260"]
[BlackElo "2135"]

1.e4 c5 2.Nf3 Nc6 3.Bb5 e6 4.O-O Nge7 5.b3 a6 6.Bxc6 Nxc6 7.Bb2 d5 8.exd5 Qxd5
9.Re1 f6 10.Nc3 Qd8 11.Ne4 Be7 12.d4 cxd4 13.Nxd4 Nxd4 14.Bxd4 O-O 15.Bc5 Bxc5
16.Nxc5 Qe7 17.Qd5 Re8 18.Qd4 b6 19.Na4 b5 20.Nc5 e5 21.Qe4 Bf5 22.Qxf5 Qxc5
23.Rad1 Rac8 24.Re2 b4 25.h4 a5 26.h5 Qc6 27.Rd7 Qe6 28.Qxe6+ Rxe6 29.Ra7 Rec6
30.Rxa5 Rxc2 31.Re4 Rc1+ 32.Kh2 Rf1 33.f3 Rcc1 34.Kg3 Rh1 35.Rxb4 Rxh5 36.Ra8+ Kf7
37.Ra7+ Kg6 38.Rg4+ Rg5 39.Rxg5+ fxg5 40.Rb7 h5 41.a4 Ra1 42.Rb5 Kf5 43.a5 h4+
44.Kh2 Ra3 45.b4 g4 46.fxg4+ Kxg4 47.Rb6 e4 48.a6 e3 49.Re6 e2 50.Rxe2 Rxa6  1-0

[Event "Brno-C"]
[Site "Brno"]
[Date "1994.??.??"]
[Round "6"]
[White "Berezjuk, Sergej"]
[Black "Roederer, Kai"]
[Result "1-0"]
[WhiteElo "2375"]
[BlackElo "2215"]

1.e4 c5 2.Nf3 Nc6 3.Bb5 e6 4.O-O Nge7 5.b3 a6 6.Bxc6 Nxc6 7.Bb2 d6 8.d4 cxd4
9.Nxd4 Bd7 10.Nd2 Qc7 11.c4 Rd8 12.Nc2 b5 13.Qe2 Na5 14.Na3 Qb6 15.Rac1 e5
16.cxb5 axb5 17.b4 Nc6 18.Nxb5 Be7 19.Nc4 Qb8 20.a4 O-O 21.Qd2 d5 22.exd5 Nxb4
23.Bxe5  1-0

[Event "Brno-B"]
[Site "Brno"]
[Date "1994.??.??"]
[Round "9"]
[White "Velicka, Petr"]
[Black "Chernikov, Oleg L"]
[Result "1/2-1/2"]
[WhiteElo "2415"]
[BlackElo "2390"]

1.e4 c5 2.Nf3 Nc6 3.Bb5 g6 4.Bxc6 dxc6 5.h3 Bg7 6.d3 e5 7.Be3 Qe7 8.Qd2 Nf6
9.Nc3 Nd7 10.Bh6 O-O 11.O-O-O Bxh6 12.Qxh6 Re8 13.Nh2 Nf8 14.f4 exf4 15.Qxf4 Ne6
16.Qf2 Qg5+ 17.Kb1 Qf4 18.Nf3 Nd4 19.Ne2 Nxe2 20.Qxe2 Be6 21.Rhf1 Rad8 22.Qd2 Qxd2
23.Rxd2 f5 24.Ng5 c4 25.Nxe6 Rxe6 26.exf5 Rf6 27.g4 gxf5 28.gxf5 cxd3 29.cxd3 Rd5
30.Rg2+ Kf8 31.Rfg1 Rdxf5 32.Rg8+ Ke7 33.Rb8 Rb5 34.Rg7+ Rf7 35.Rxf7+ Kxf7
36.Kc2 Kf6 37.Kc3 a5 38.a4 Rb4 39.d4 b5 40.axb5 Rxb5 41.Rc8 Rh5 42.Rxc6+ Ke7
43.Kc4 Rxh3 44.Ra6 Rh5 45.b3 Kd7 46.d5 Rh1 47.Rxa5 Rc1+ 48.Kb5 Kd6 49.b4 h5
50.Ka6 h4 51.b5 h3 52.Ra2 Kxd5 53.b6 Ke4 54.Rb2 Ra1+ 55.Kb5 Ra8 56.Rh2 Rh8
57.b7 Kf5 58.Kc6 Kg4 59.Ra2 Rb8  1/2-1/2

[Event "Bucharest-B"]
[Site "Bucharest"]
[Date "1994.??.??"]
[Round "?"]
[White "Sanduleac, Vasile"]
[Black "Bets, Anatolij"]
[Result "1/2-1/2"]
[WhiteElo "2300"]
[BlackElo "2405"]

1.e4 c5 2.Nf3 Nc6 3.Bb5 g6 4.Bxc6 dxc6 5.d3 Bg7 6.Nc3 Nf6 7.Be3 b6 8.h3 O-O
9.Qd2 Re8 10.O-O e5 11.Nh2 Be6 12.f4 exf4 13.Bxf4  1/2-1/2

[Event "Bucharest-A"]
[Site "Bucharest"]
[Date "1994.??.??"]
[Round "?"]
[White "Nevednichy, Vladislav"]
[Black "Komarov, Dimitri"]
[Result "1/2-1/2"]
[WhiteElo "2480"]
[BlackElo "2535"]

1.e4 c5 2.Nf3 Nc6 3.Bb5 e6 4.Bxc6 bxc6 5.d3 Qc7 6.O-O Ne7 7.c4 Ng6 8.Ng5 e5
9.Qh5 d6 10.f4 h6 11.Nh3 Bxh3 12.Qxh3 exf4 13.Nc3 Be7 14.Bxf4 Rb8  1/2-1/2

[Event "Bucharest-B"]
[Site "Bucharest"]
[Date "1994.??.??"]
[Round "?"]
[White "Sanduleac, Vasile"]
[Black "Bogdan, Dan"]
[Result "1-0"]
[WhiteElo "2300"]
[BlackElo "2290"]

1.e4 c5 2.Nf3 Nc6 3.Bb5 g6 4.Bxc6 dxc6 5.d3 Bg7 6.Nc3 Nf6 7.Bf4 O-O 8.Qd2 Nh5
9.Bh6 f6 10.Be3 b6 11.h3 e5 12.g4 Nf4 13.Bxf4 exf4 14.Qxf4 Be6 15.Qe3 Qe7
16.O-O-O b5 17.Kb1 c4 18.Nd4 Bd7 19.dxc4 bxc4 20.Qe2 Qc5 21.a3 Rfb8 22.Na4 Qxa3
23.Qxc4+ Kh8 24.Nb3 Qe7 25.Nac5 Be8 26.Qe6 Qc7 27.Na6 Qc8 28.Qxc8 Rxc8 29.Nbc5 Bf7
30.Rd7 Kg8 31.Rhd1 h5 32.gxh5 g5 33.Nc7 Rab8 34.N7e6 Bh6 35.Rxa7 Re8 36.Rd6 Rb5
37.Rxc6 Bxh5 38.Nd7  1-0

[Event "Bucharest-B"]
[Site "Bucharest"]
[Date "1994.??.??"]
[Round "?"]
[White "Urzica, Aurel"]
[Black "Bets, Anatolij"]
[Result "1-0"]
[WhiteElo "2375"]
[BlackElo "2405"]

1.e4 c5 2.Nf3 Nc6 3.Bb5 Na5 4.c3 a6 5.Ba4 b5 6.Bc2 Bb7 7.O-O g6 8.d4 cxd4
9.cxd4 Nf6 10.Re1 Bg7 11.b3 O-O 12.Bb2 Nc6 13.Nbd2 Nb4 14.Bb1 d5 15.e5 Nh5
16.a3 Nc6 17.Ng5 Nf4 18.Qg4 Bh6 19.Qh4 Bxg5 20.Qxg5 Ne6 21.Qe3 Qb6 22.Nf3 f5
23.b4 a5 24.Ba2 Rfd8 25.Qd2 Nf8 26.Bb3 e6 27.Rac1 axb4 28.axb4 Rdc8 29.h4 Qd8
30.Bc3 Ra3 31.Qb2 Rca8 32.Ra1 Rxa1 33.Rxa1 Rxa1+ 34.Qxa1 Qe7 35.Qf1 Ba6 36.Qa1 Bb7
37.Bd1 Qc7 38.Be2 Qb6 39.Qc1 Ba6 40.h5 Qd8 41.hxg6 hxg6 42.Bd2 Qb6 43.Qc3 Bc8
44.Qe3 Bd7 45.Qf4 Qa6 46.Qh4 Nh7 47.Kh2 Be8 48.g3 Qb7 49.Kg2 Qb6 50.Bc3 Qb7
51.Qh6 Nb8 52.Nd2 Qc6 53.Qe3 Nd7 54.Kh2 Nb6 55.Nb3 Nc4 56.Qc1 Qc8 57.Nc5 Nf8
58.Qg5 Qc6 59.Qd8 Kf7 60.Qb8 Qb6 61.Qa8 Qc7 62.Bxc4 bxc4 63.Nb7 Kg8 64.Nd6 Bc6
65.Qa6 g5 66.b5 Qh7+ 67.Kg2 Bd7 68.Qa8 f4 69.Qd8 Qh5 70.Qf6 Nh7 71.Qd8+ Nf8
72.Qf6 Kh7 73.Qd8 Kg8 74.Be1 c3 75.Bxc3 fxg3 76.Kxg3 Qh4+ 77.Kg2 Qg4+ 78.Kf1 Qd1+
79.Be1 Bxb5+ 80.Nxb5 Qd3+ 81.Kg1 Qxb5 82.Qxg5+ Kh7 83.Qe7+ Kg8 84.Bb4 Nh7
85.Qxe6+ Kg7 86.Qg4+ Kh8 87.Be7 Qc6 88.e6 Qc1+ 89.Kg2 Qe1 90.Bd6 Nf6 91.Be5  1-0

[Event "Bucharest-B"]
[Site "Bucharest"]
[Date "1994.??.??"]
[Round "?"]
[White "Urzica, Aurel"]
[Black "Podgurkii, Stepan"]
[Result "1-0"]
[WhiteElo "2375"]
[BlackElo "2250"]

1.e4 c5 2.Nf3 Nc6 3.Bb5 d6 4.O-O Bg4 5.c3 Nf6 6.h3 Bxf3 7.Bxc6+ bxc6 8.Qxf3 g6
9.d4 cxd4 10.cxd4 Bg7 11.Nc3 O-O 12.Be3 Qa5 13.Rac1 Nd7 14.Rfd1 Rfe8 15.Qe2 Rac8
16.Rc2 e6 17.Rdc1 Rb8 18.b3 Qb4 19.Na4 Qb5 20.Qc4 e5 21.dxe5 Nxe5 22.Qxb5 cxb5
23.Nb2 a5 24.Rd1 Bf8 25.Rc7 a4 26.bxa4 bxa4 27.Nxa4 Rb4 28.Nc3 Bg7 29.Rb1 Rc4
30.Rbb7 Ra8 31.Nb5 Rxc7 32.Rxc7 Nd3 33.Nxd6 Be5 34.Rc8+ Rxc8 35.Nxc8 Nb4
36.a4 Nc6 37.Bc5  1-0

[Event "Bucharest-B (Women)"]
[Site "Bucharest"]
[Date "1994.??.??"]
[Round "?"]
[White "Dekusar, Maria"]
[Black "Ionescu Ilie, Viorica"]
[Result "1-0"]
[WhiteElo "2135"]
[BlackElo "2175"]

1.e4 c5 2.Nf3 Nc6 3.Bb5 g6 4.O-O Bg7 5.c3 e5 6.d3 Nge7 7.Be3 Qa5 8.Na3 d6
9.Nc4 Qc7 10.d4 cxd4 11.cxd4 O-O 12.d5 Na5 13.Nxa5 Qxa5 14.a4 a6 15.Bd3 Bg4
16.Qe1 Qxe1 17.Nxe1 f5 18.f3 fxe4 19.fxe4 Rxf1+ 20.Bxf1 Rc8 21.Ra3 Bd7 22.b4 b5
23.axb5 Bxb5 24.Bxb5 axb5 25.Nf3 h6 26.Nd2 Kf7 27.Ra5 Rb8 28.Ra7 Ke8 29.Kf2 Bf8
30.Ke2 g5 31.Kd3 Nc8 32.Rh7 Ne7 33.Nb3 Ng8 34.Ra7 Nf6 35.Na5 Ng4 36.Nc6 Rc8
37.Bg1 h5  1-0

[Event "Bucharest-B (Women)"]
[Site "Bucharest"]
[Date "1994.??.??"]
[Round "?"]
[White "Ionescu Brandis, Irina"]
[Black "Zatonskih, Anna"]
[Result "0-1"]
[WhiteElo "2185"]
[BlackElo "2135"]

1.e4 c5 2.Nf3 Nc6 3.Bb5 e6 4.Bxc6 bxc6 5.d3 Ne7 6.Bd2 d6 7.e5 dxe5 8.Nxe5 Ng6
9.Nxg6 hxg6 10.Bc3 Qd5 11.Qg4 Rh5 12.Nd2 Rg5 13.Qf3 Qxf3 14.Nxf3 Rh5 15.Ne5 Bd6
16.Nc4 Be7 17.Ke2 f6 18.h4 Kf7 19.g4 Rh7 20.Rh3 e5 21.f3 Be6 22.Na5 Bd5 23.Bd2 Bd8
24.Nb7 Be7 25.c4 Be6 26.Na5 Bd7 27.Be3 Rah8 28.Rah1 f5 29.h5 gxh5 30.Rxh5 Rxh5
31.gxh5 Rb8 32.Nb3 f4 33.Bf2 Bf5 34.Kd2 Rd8 35.Nc1 e4 36.fxe4 Bxe4 37.Re1 Bf3
38.Kc2 Bxh5 39.Re5 Bf3 40.Rf5+ Ke6 41.Rxf4 Bh5 42.Re4+ Kf7 43.Re5 Bg4 44.Bxc5 Bf6
45.Re3 Rh8 46.Bd6 Rh1 47.Re4 Bf3 48.Rf4 Bd1+ 49.Kb1 Ke6 50.c5 Bg5 51.Rf2 Be3
52.Rh2 Rg1 53.Rh8 Bh6 54.Re8+ Kd7 55.Rf8 Be2  0-1

[Event "Bucharest-B (Women)"]
[Site "Bucharest"]
[Date "1994.??.??"]
[Round "?"]
[White "Grigorieva, Angela"]
[Black "Ionescu Ilie, Viorica"]
[Result "1/2-1/2"]
[WhiteElo "2170"]
[BlackElo "2175"]

1.e4 c5 2.Nf3 Nc6 3.Bb5 g6 4.Bxc6 dxc6 5.h3 Bg7 6.d3 Nf6 7.Be3 b6 8.Nc3 O-O
9.Qd2 e5 10.O-O Ne8 11.Bh6 Qf6 12.Bg5 Qd6 13.Nh2 f5 14.exf5 gxf5 15.f4 e4
16.Rad1 Ba6 17.Rfe1 exd3 18.cxd3 Nc7 19.Be7 Qd4+ 20.Kh1 Rfe8 21.Nf3 Qd7 22.Bh4 Rxe1+
23.Qxe1 Re8 24.Ne5 Qd6 25.Qg3 Rf8 26.Qf3 Ne6 27.Nxc6 Nxf4 28.Be7 Qc7 29.Bxf8 Kxf8
30.Rf1 Bxd3 31.Qxf4 Qxc6 32.Re1 a5 33.Qe3 Bc4 34.Qe7+ Kg8 35.Rd1 h6 36.Rd7 Qg6
37.Rd6 Qg5 38.Qe8+ Kh7 39.Rxb6 Qc1+ 40.Kh2 Qf4+ 41.Kh1  1/2-1/2

[Event "Bucharest-B (Women)"]
[Site "Bucharest"]
[Date "1994.??.??"]
[Round "?"]
[White "Ionescu Brandis, Irina"]
[Black "Ionescu Ilie, Viorica"]
[Result "1-0"]
[WhiteElo "2185"]
[BlackElo "2175"]

1.e4 c5 2.Nf3 Nc6 3.Bb5 g6 4.Bxc6 dxc6 5.h3 Bg7 6.d3 Nf6 7.Nc3 O-O 8.Be3 b6
9.Qd2 e5 10.Bh6 Qd6 11.O-O-O Ne8 12.h4 f6 13.Be3 f5 14.exf5 gxf5 15.Qe2 Nc7
16.h5 Nd5 17.Bd2 Ba6 18.h6 Bf6 19.Nh4 Qe6 20.Qh5 Bc8 21.Rh3 Nf4 22.Bxf4 exf4
23.Rhh1 Bd7 24.Rde1 Qd6 25.Nxf5 Bxf5 26.Qxf5 Bxc3 27.Qg5+ Kh8 28.bxc3  1-0

[Event "ROM-ch"]
[Site "Bucharest"]
[Date "1994.??.??"]
[Round "8"]
[White "Cozianu, Costin"]
[Black "Grigore, George"]
[Result "0-1"]
[WhiteElo "2355"]
[BlackElo "2440"]

1.e4 c5 2.Nf3 Nc6 3.Bb5 g6 4.O-O Bg7 5.Re1 Nf6 6.c3 O-O 7.d4 d5 8.exd5 Qxd5
9.c4 Qd6 10.d5 Nd4 11.Nxd4 cxd4 12.Nd2 e5 13.Ba4 Bf5 14.Nf3 Bg4 15.Bg5 Rac8
16.Rc1 Nd7 17.a3 Nb6 18.Bb3 Rfe8 19.h3 Bd7 20.Bh4 Qc5 21.Ba2 a5 22.Ng5 f5
23.b4 axb4 24.axb4 Qxb4 25.Rb1 Qa5 26.Rxb6 Qxa2 27.Rxb7 Ba4 28.Qa1 Qxc4 29.Ne6 Bh8
30.Reb1 d3 31.Bg5 e4 32.R7b4 Bxa1 33.Rxc4 Rxc4 34.Rxa1 Bd7 35.Nf4 d2 36.Ne2 Rc5
37.Bxd2 Rxd5 38.Bc3 Bb5 39.Nf4 Rd7 40.Rb1 Bc4  0-1

[Event "Ciocaltea mem"]
[Site "Bucharest"]
[Date "1994.??.??"]
[Round "8"]
[White "Zaitsev, Igor A"]
[Black "Stripunsky, Alexander"]
[Result "1/2-1/2"]
[WhiteElo "2430"]
[BlackElo "2510"]

1.e4 c5 2.Nf3 Nc6 3.Bb5 d6 4.O-O Bd7 5.c3 Nf6 6.Re1 a6 7.Bxc6 Bxc6 8.d4 cxd4
9.cxd4 Bxe4 10.Nc3 Bxf3 11.Qxf3 e6 12.Qxb7 Qc8 13.Qb3 Be7 14.d5 e5 15.Bg5 O-O
16.Ne4 Rb8 17.Qa3 Nxd5 18.Bxe7 Nxe7 19.Nxd6 Qe6 20.f4 f6 21.Rad1 Nf5 22.fxe5 fxe5
23.b3 Rbd8 24.Nxf5 Rxd1 25.Rxd1 Qb6+ 26.Kh1 Rxf5 27.Qc1 h6 28.Qc8+ Rf8 29.Qc4+ Kh8
30.h3 Qg6 31.Qc5 Re8 32.Re1 e4 33.Re3 Qf6 34.Qc1 Qd4 35.Qc3 Qxc3  1/2-1/2

[Event "Ciocaltea mem"]
[Site "Bucharest"]
[Date "1994.??.??"]
[Round "10"]
[White "Nevednichy, Vladislav"]
[Black "Stripunsky, Alexander"]
[Result "1/2-1/2"]
[WhiteElo "2480"]
[BlackElo "2510"]

1.e4 c5 2.Nf3 Nc6 3.Bb5 d6 4.Bxc6+ bxc6 5.O-O e5 6.c3 Bg4 7.d3 g6 8.Nbd2 Bg7
9.h3 Be6 10.Qa4 Ne7 11.d4 exd4 12.cxd4 cxd4 13.Nxd4 O-O 14.N2f3 Bd7 15.Qc2 c5
16.Ne2 Qa5 17.Bd2 Qa6 18.Bc3 d5 19.Bxg7 Kxg7 20.exd5 Bb5 21.Rfe1 Nxd5 22.Qxc5 Bxe2
23.Qxd5 Kg8 24.Ne5 Rad8 25.Qc6 Qxc6 26.Nxc6 Rd2 27.b3 a6 28.Nd4 Re8 29.Nxe2 Rexe2
30.Rxe2 Rxe2 31.b4 h5 32.Kf1 Rb2 33.a3 h4 34.Re1 Ra2 35.Re3 Kg7 36.g3 hxg3
37.Rxg3 Kh6 38.Kg2 f5 39.Rc3 Kg5 40.Kg3 Kh5 41.Rd3 Kg5 42.h4+ Kh5 43.Rc3 Ra1
44.Kf4 Kxh4 45.Rg3 Ra2 46.Rxg6 Rxf2+ 47.Ke3 Rb2 48.Rxa6 Kg5 49.Ra8 f4+ 50.Ke4 Re2+
51.Kd4 f3 52.Rf8 Kg4 53.a4 Rd2+ 54.Kc3 Ra2 55.a5 Kg3 56.Kb3 Ra1 57.Kc4 f2
58.Kc5 Ra3 59.Rxf2 Kxf2 60.Kb6 Ke3  1/2-1/2

[Event "ROM-ch"]
[Site "Bucharest"]
[Date "1994.??.??"]
[Round "11"]
[White "Ardeleanu, Alin"]
[Black "Ceteras, Marius"]
[Result "0-1"]
[WhiteElo "2370"]
[BlackElo "2330"]

1.e4 c5 2.Nf3 Nc6 3.Bb5 d6 4.Bxc6+ bxc6 5.O-O e5 6.c3 Nf6 7.Re1 Bg4 8.h3 Bxf3
9.Qxf3 Be7 10.d3 O-O 11.Nd2 Ne8 12.Nc4 Bg5 13.Be3 Bxe3 14.Nxe3 Nc7 15.g3 g6
16.h4 Rb8 17.Re2 Ne6 18.Kg2 Ng7 19.Nc4 Qd7 20.Qf6 Rbd8 21.d4 cxd4 22.cxd4 Nh5
23.Qf3 exd4 24.Rd1 c5 25.b3 Ng7 26.e5 dxe5 27.Rxe5 Qc7 28.Qf6 Rfe8 29.Rde1 Rxe5
30.Rxe5 Re8 31.Rd5 Nf5 32.Rxf5 gxf5 33.Qg5+ Kf8 34.Qh6+ Ke7 35.Qg5+ Ke6 36.g4 Qc6+
37.f3 Qd5 38.Qh6+ Kd7 39.Qa6 fxg4 40.Qxa7+ Ke6 41.Qb6+ Ke7 42.Kg1 gxf3 43.Kf2 Kf8
44.Nd6 Re2+ 45.Kf1 Qe5 46.Qc7 Re1+ 47.Kf2 Qe3+  0-1

[Event "Budapest FS11 IM-A"]
[Site "Budapest"]
[Date "1994.??.??"]
[Round "1"]
[White "Galyas, Miklos"]
[Black "Lehmann, Heinz Dr"]
[Result "1-0"]
[WhiteElo "2265"]
[BlackElo "2290"]

1.e4 c5 2.Nf3 Nc6 3.Bb5 g6 4.O-O Bg7 5.Re1 Nh6 6.c3 O-O 7.d4 cxd4 8.cxd4 d6
9.d5 Nb8 10.Nc3 Na6 11.h3 Nc7 12.Bf1 f6 13.Be3 Nf7 14.Nd4 Bd7 15.Qb3 Qb8
16.Rac1 Rc8 17.f4 Na6 18.Ne6 Nc5 19.Nxc5 dxc5 20.d6 exd6 21.Bc4 Be8 22.e5 dxe5
23.fxe5 f5 24.Bf4 Kf8 25.Nd5 g5 26.Bh2 f4 27.e6 Bd4+ 28.Kh1 Ne5 29.e7+ Kg7
30.Nxf4 gxf4 31.Bxf4 b5 32.Bd5 Bc6 33.Rxe5 Bxd5 34.Qxd5 Qb6 35.Rg5+ Kf6 36.Rf1 Kxe7
37.Be5 Rf8 38.Rg7+  1-0

[Event "Budapest FS03 GM"]
[Site "Budapest"]
[Date "1994.??.??"]
[Round "2"]
[White "Margolin, Boris"]
[Black "Anka, Emil"]
[Result "1/2-1/2"]
[WhiteElo "2385"]
[BlackElo "2390"]

1.e4 c5 2.Nf3 Nc6 3.Bb5 e6 4.O-O Nge7 5.c3 a6 6.Ba4 b5 7.Bc2 Bb7 8.d4 cxd4
9.Nxd4 b4 10.Re1 bxc3 11.Nxc3 Nxd4 12.Qxd4 Nc6 13.Qd1 Bc5 14.Be3 Qa5 15.a3 Bxe3
16.Rxe3 Ne5 17.Rg3 O-O 18.f4 Qb6+ 19.Kh1 Nc4 20.Qe2 Rac8 21.e5 f5 22.exf6 Rxf6
23.b3 Nd6 24.Qe5 Ne8 25.Rf1 d6 26.Qe2 Qd4 27.Rd3 Qc5 28.Re3 Nc7 29.b4 Qd4
30.Rd3 Qc4 31.Rh3 Qxe2 32.Nxe2 g6 33.Rc3 Rff8 34.Bb3 Nd5 35.Rxc8 Rxc8 36.Kg1 Kf7
37.Kf2 Ke7 38.Bxd5 Bxd5 39.Rc1 Bc4 40.Ke3 d5 41.Nd4 g5 42.Re1 Kd6 43.Kf2 Re8
44.g3 gxf4 45.gxf4 Kd7 46.Re3 Re7 47.h4 Ba2 48.Nf3 Kd6 49.Nd4 Kd7 50.Re5 Kd6
51.Re2 Bc4 52.Re1 Bd3 53.Re3 Bc4 54.Rg3 Ba2 55.h5 Rf7 56.Ke3 e5 57.fxe5+ Kxe5
58.Rg5+ Kd6 59.Nf5+ Ke6 60.Nd4+ Kd6 61.h6 Bb1 62.Rg7 Rf1 63.Ra7 Re1+ 64.Kd2 Rh1
65.Rxa6+ Ke5 66.Ne2 Be4 67.b5 Rb1 68.a4 d4 69.Ra7 Rb2+ 70.Ke1 Bf5 71.Re7+ Kf6
72.Rg7 d3 73.Nc3 Ke5 74.Rg5 Kf4 75.Rg7 Ke3 76.Nd1+  1/2-1/2

[Event "Budapest FS08 GM"]
[Site "Budapest"]
[Date "1994.??.??"]
[Round "2"]
[White "Pavasovic, Dusko"]
[Black "Anka, Emil"]
[Result "1/2-1/2"]
[WhiteElo "2425"]
[BlackElo "2380"]

1.e4 c5 2.Nf3 Nc6 3.Bb5 g6 4.Bxc6 dxc6 5.h3 e5 6.d3 f6 7.Be3 Nh6 8.Nc3 Nf7
9.Qe2 Qe7 10.Nd2 Nd8 11.f4 exf4 12.Bxf4 Ne6 13.Qf2 Nxf4 14.Qxf4 Be6 15.O-O Bg7
16.Nf3 O-O 17.g4 Rae8 18.Rae1 Qd8 19.Nd1 f5 20.exf5 gxf5 21.g5 Bd5 22.h4 Bxf3
23.Rxe8 Qd4+ 24.Qxd4 Bxd4+ 25.Kh2 Rxe8 26.Rxf3 Re2+ 27.Kh3 Rxc2 28.Rxf5 Rd2
29.Rf1 Bxb2 30.Nxb2 Rxb2 31.Kg4 Rxa2 32.Rf6 a5 33.Rd6 Rf2 34.Rd8+ Rf8 35.Rd7 Rf7
36.Rd8+ Rf8 37.Rd7 b5 38.Kh5 Re8 39.Kh6 Re6+ 40.Kh5 a4 41.Ra7 Kh8 42.Kg4 Re8
43.Kf5 Rb8 44.Ke6 b4 45.Rxa4 b3 46.Ra1 Kg7 47.Kd7 Kg6 48.Kxc6 Rd8 49.Kxc5 Rxd3
50.Kc4 Rh3 51.Ra6+ Kf5 52.Rf6+ Ke5 53.Rb6 Kf5 54.Rf6+ Ke4 55.Rb6  1/2-1/2

[Event "Budapest FS09 IM-A"]
[Site "Budapest"]
[Date "1994.??.??"]
[Round "2"]
[White "Nishimura, Hiroyuki"]
[Black "Rajcsanyi, Zita"]
[Result "1-0"]
[WhiteElo "2270"]
[BlackElo "2225"]

1.e4 c5 2.Nf3 Nc6 3.Bb5 g6 4.O-O Bg7 5.c3 Nf6 6.d4 cxd4 7.cxd4 d5 8.e5 Ne4
9.Nc3 Nxc3 10.bxc3 O-O 11.a4 Na5 12.Nd2 Bf5 13.Ba3 Qc7 14.Rc1 Nc4 15.Bxc4 dxc4
16.a5 Rfd8 17.f4 Rac8 18.Qf3 Bf8 19.Ra1 Qd7 20.Ne4 Qd5 21.Rfe1 Qc6 22.g4 Be6
23.f5 Bd5 24.Qf4 gxf5 25.gxf5 Bh6 26.Qh4 Re8 27.f6 Bxe4 28.Qxh6  1-0

[Event "Budapest FS08 IM"]
[Site "Budapest"]
[Date "1994.??.??"]
[Round "3"]
[White "Hetey, Laszlo"]
[Black "Munschi, Serge"]
[Result "0-1"]
[WhiteElo "2265"]
[BlackElo "2265"]

1.e4 c5 2.Nf3 Nc6 3.Bb5 e6 4.O-O Nge7 5.c3 a6 6.Ba4 b5 7.Bc2 Bb7 8.d4 cxd4
9.Nxd4 Ng6 10.Re1 Qc7 11.Nd2 Rc8 12.N2f3 Be7 13.Bg5 f6 14.Be3 Na5 15.h4 Nc4
16.Bc1 O-O 17.a4 b4 18.b3 Nce5 19.c4 Ng4 20.g3 Bc5 21.h5 N6e5 22.Nh4 f5 23.exf5 exf5
24.Bxf5 Bxd4 25.Qxd4 Rxf5 26.Bb2 Rxh5 27.Rxe5 Nxe5 28.f4 Rxh4  0-1

[Event "Budapest FS09 IM-A"]
[Site "Budapest"]
[Date "1994.??.??"]
[Round "3"]
[White "Held, Markus"]
[Black "Honfi, Karoly"]
[Result "0-1"]
[WhiteElo "2210"]
[BlackElo "2380"]

1.e4 c5 2.Nf3 Nc6 3.Bb5 d6 4.d4 cxd4 5.Qxd4 Bd7 6.Bxc6 Bxc6 7.c4 Nf6 8.Nc3 g6
9.O-O Bg7 10.Qd3 O-O 11.Nd4 Rc8 12.b3 Nd7 13.Bb2 Nc5 14.Qe3 a6 15.Nd5 e5
16.Ne2 f5 17.f3 Bxd5 18.cxd5 fxe4 19.fxe4 Qh4 20.Nc3 Bh6 21.Qe2 Bf4 22.g3 Bxg3
23.hxg3 Qxg3+ 24.Qg2 Qe3+ 25.Kh2 Nd3 26.Na4 Rf4 27.Rxf4 Nxf4 28.Bc1 Rxc1
29.Rxc1 Nxg2  0-1

[Event "Budapest FS09 IM-B"]
[Site "Budapest"]
[Date "1994.??.??"]
[Round "3"]
[White "Apel, Stefan"]
[Black "Peter, Ambrus"]
[Result "1/2-1/2"]
[WhiteElo "2310"]
[BlackElo "2315"]

1.e4 c5 2.Nf3 Nc6 3.Bb5 Qb6 4.Nc3 Nd4 5.a4 e6 6.O-O Ne7 7.a5 Qc7 8.Nxd4 cxd4
9.Ne2 Qc5 10.Bd3 Nc6 11.c3 dxc3 12.dxc3 Ne5 13.Be3 Qc7 14.Nd4 Nxd3 15.Qxd3 a6
16.Nf3 Be7 17.Rfd1 O-O 18.e5 f6 19.Bb6 Qb8 20.Qc4 fxe5 21.Bc7 Rf4 22.Bxb8 Rxc4
23.Bxe5 d5 24.Nd4  1/2-1/2

[Event "Budapest Honved"]
[Site "Budapest"]
[Date "1994.??.??"]
[Round "4"]
[White "Maiwald, Jens Uwe"]
[Black "Horvath, Jozsef"]
[Result "1/2-1/2"]
[WhiteElo "2445"]
[BlackElo "2520"]

1.e4 c5 2.Nf3 Nc6 3.Bb5 g6 4.O-O Bg7 5.Bxc6 dxc6 6.d3 Nf6 7.h3 O-O 8.Be3 c4
9.Nc3 cxd3 10.cxd3 e5 11.d4 exd4 12.Nxd4 Qe7 13.Qc2 c5 14.Nde2 b6 15.Nf4 Bb7
16.f3 Rfd8 17.Rfd1 Bc6 18.g4 Qe5 19.Kg2 Ne8 20.Nd3 Qe7 21.Nf4  1/2-1/2

[Event "Budapest Spring op"]
[Site "Budapest"]
[Date "1994.??.??"]
[Round "4"]
[White "Szitas, Gabor"]
[Black "Rozsnyai, Tibor"]
[Result "0-1"]
[WhiteElo "2275"]
[BlackElo "2245"]

1.e4 c5 2.Nf3 Nc6 3.Bb5 g6 4.O-O Bg7 5.c3 Nf6 6.Re1 Qb6 7.Na3 O-O 8.h3 a6
9.Bc4 Qc7 10.e5 Ne8 11.d4 cxd4 12.cxd4 d6 13.Bf4 dxe5 14.Nxe5 Nxe5 15.Bxe5 Bxe5
16.dxe5 Ng7 17.Rc1 Qb6 18.Qb3 Qxb3 19.Bxb3 Rd8 20.Rc7 Rd7 21.Rec1 Rxc7 22.Rxc7 Kf8
23.Bd5 Rb8 24.Nc4 Be6 25.Nb6 Rd8 26.Bxe6 Nxe6 27.Rxb7 Rd1+ 28.Kh2 Rd2 29.Nd7+ Kg7
30.Nb8 Nc5 31.Rb6 Rxf2 32.b4 Nd3 33.a4 Ne1 34.Kg1 Ra2 35.a5 Nxg2 36.Nxa6 Nf4
37.h4 h5 38.Nc5 Ng2 39.Rb5 Nxh4 40.a6 Nf3+ 41.Kf1 Nh2+ 42.Ke1 Nf3+ 43.Kd1 Nd4
44.Rb7 h4 45.Rd7 Nb5 46.Ne4 h3 47.Ng3 Rg2 48.Nf1 Nc3+ 49.Kc1 Na2+ 50.Kd1 Nxb4
51.a7 Ra2 52.Rxe7 Nc6 53.Rc7 Nxe5 54.Rc3 Ng4 55.Kc1 h2 56.Nxh2 Nxh2 57.Rc2 Rxa7
58.Rxh2 Rd7  0-1

[Event "Budapest FS04 IM (Women)"]
[Site "Budapest"]
[Date "1994.??.??"]
[Round "5"]
[White "Cynolter Bognarne, Erzsebet"]
[Black "Mackova, Eva"]
[Result "1/2-1/2"]
[WhiteElo "2040"]
[BlackElo "2150"]

1.e4 c5 2.Nf3 Nc6 3.Bb5 g6 4.c3 Bg7 5.O-O Nf6 6.e5 Nd5 7.d4 cxd4 8.cxd4 O-O
9.Bc4 Nb6 10.Bb3 d5 11.Nc3 Bg4 12.Be3 e6 13.Nb5 Nc8 14.Rc1 a6 15.Nc3 N8e7
16.h3 Bxf3 17.Qxf3 Nf5 18.Rfd1 Rc8 19.Bc2 Qh4 20.Bxf5 gxf5 21.Qf4 Qxf4 22.Bxf4 Nb8
23.b3 Rc6 24.Na4 Rfc8 25.Rxc6 Rxc6 26.Rc1 Bf8 27.Nc5 b6 28.Nd3 Be7 29.Kf1 Rxc1+
30.Bxc1 Nc6 31.Bb2 f6 32.f4 fxe5 33.fxe5 Kf7 34.Ke2 Nb4 35.Nxb4 Bxb4 36.a3 Be7
37.g3 Bg5 38.a4 Kg6 39.Bc3 h5 40.h4 Be7 41.Bd2 b5 42.axb5 axb5 43.Kd3 Bd8
44.Kc2 Bb6 45.Kd3 Bd8  1/2-1/2

[Event "Budapest FS10 GM"]
[Site "Budapest"]
[Date "1994.??.??"]
[Round "5"]
[White "Sulskis, Sarunas"]
[Black "Horvath, Peter"]
[Result "1-0"]
[WhiteElo "2455"]
[BlackElo "2390"]

1.e4 c5 2.Nf3 Nc6 3.Bb5 a6 4.Bxc6 dxc6 5.d3 Bg4 6.h3 Bh5 7.g4 Bg6 8.Ne5 f6
9.Nxg6 hxg6 10.f4 Qc7 11.Qf3 e5 12.f5 gxf5 13.exf5 Ne7 14.Nc3 O-O-O 15.Bd2 Nd5
16.O-O-O b5 17.Kb1 b4 18.Ne4 Qa5 19.c4 bxc3 20.Nxc3 Nxc3+ 21.Bxc3 Qb5 22.Rhe1 Rd5
23.Re4 Be7 24.Rc4 Rhd8 25.b3 R8d7 26.Kc2 Bd8 27.Ra4 Kb8 28.Qe4 Ka7 29.Rc4 Ba5
30.Bb2 Bd8 31.h4 Qb8 32.Bc1 Be7 33.Be3 Ka8 34.g5 fxg5 35.hxg5 Qd8 36.Ra4 Kb7
37.Qc4 Qb6 38.Rd2 Qb5 39.Qe4 Bd8 40.Rc4 Qa5 41.Ra4 Qb5 42.Qc4 Be7 43.Qxb5+ cxb5
44.Re4 Kc6 45.Rf2 Bf8 46.f6 Rf7 47.Rh4 Rd8 48.Rh8 Rfd7 49.g6 gxf6 50.Rxf6+ Bd6
51.g7  1-0

[Event "Budapest FS10 GM"]
[Site "Budapest"]
[Date "1994.??.??"]
[Round "5"]
[White "Nguyen Anh Dung"]
[Black "Horvath, Jozsef"]
[Result "1/2-1/2"]
[WhiteElo "2340"]
[BlackElo "2520"]

1.e4 c5 2.Nf3 Nc6 3.Bb5 g6 4.O-O Bg7 5.Re1 Nf6 6.Nc3 O-O 7.e5 Ne8 8.Bxc6 dxc6
9.d3 Nc7 10.a4 a5 11.Ne4 b6 12.b3 Ne6 13.h3 Nd4 14.Bf4 Ra7 15.Nfd2 Qc7 16.Nc4 Ba6
17.Bg3 Qd8 18.Qd2 f5 19.exf6 exf6 20.Bd6 Re8 21.Bf4 Rae7 22.Ned6 Rxe1+ 23.Rxe1 Re6
24.Rxe6 Nxe6 25.Qe3 Nxf4 26.Qxf4 f5 27.g4 b5 28.axb5 cxb5 29.Qf3 h6 30.Qd5+ Kh7
31.Ne5 fxg4 32.hxg4 Qh4 33.Qf7 Qf6 34.Qxf6 Bxf6 35.Nd7 Bd4 36.c3 Bxc3 37.Nxc5 Bb4
38.Nde4 Bc8 39.f3 Kg7 40.Kg2 h5 41.Kg3 hxg4 42.fxg4 Kf8 43.Kf4 Ke7 44.d4 Ba3
45.Nc3 Bc1+ 46.Ke5  1/2-1/2

[Event "Budapest FS03 IM-A"]
[Site "Budapest"]
[Date "1994.??.??"]
[Round "5"]
[White "Wapner, Jonathan"]
[Black "Varga, Peter"]
[Result "1-0"]
[WhiteElo "2155"]
[BlackElo "2330"]

1.e4 c5 2.Nf3 Nc6 3.Bb5 d6 4.O-O a6 5.Bxc6+ bxc6 6.h3 g6 7.Re1 e5 8.c3 Bg7
9.d4 cxd4 10.cxd4 exd4 11.e5 dxe5 12.Nxe5 Be6 13.Nxc6 Qd6 14.Qf3 Rc8 15.Na7 Rc5
16.Bf4 Qb6 17.Qa8+ Kd7 18.Nc3 Rxc3 19.bxc3 Nf6 20.Qf3 Bd5 21.Qd3 Qxa7 22.Be5 Ne8
23.Qe2 Be6 24.Rad1 Ke7 25.cxd4 Kf8 26.d5 Bf5 27.Bb8 Qd7 28.Qxe8+ Qxe8 29.Bd6+ Qe7
30.Bxe7+ Kg8 31.d6 Bd7 32.Bh4 Bf8 33.Re7 Bxe7 34.dxe7 Be8 35.Bf6  1-0

[Event "Budapest Spring op"]
[Site "Budapest"]
[Date "1994.??.??"]
[Round "5"]
[White "Margolin, Boris"]
[Black "Balogh, Bela"]
[Result "1-0"]
[WhiteElo "2385"]
[BlackElo "2235"]

1.e4 c5 2.Nf3 Nc6 3.Bb5 g6 4.c3 a6 5.Ba4 b5 6.Bc2 d6 7.h3 Bg7 8.d4 cxd4 9.cxd4 Nf6
10.O-O O-O 11.Nc3 Bb7 12.a3 e5 13.Be3 Rc8 14.d5 Na5 15.Nd2 Nc4 16.Nxc4 Rxc4
17.Bd3 Rc8 18.Na2 Nd7 19.a4 f5 20.f3 fxe4 21.fxe4 Rxf1+ 22.Qxf1 Qh4 23.axb5 axb5
24.Qe1 Qxe1+ 25.Rxe1 Nc5 26.Bxc5 Rxc5 27.b4 Rc8 28.Bxb5 Bh6 29.Re2 Ra8 30.Bc6 Rb8
31.Bxb7 Rxb7 32.Kf1 Kf7 33.Ke1 Ke7 34.Kd1 Ra7 35.Nc3 Ra1+ 36.Kc2 Rc1+ 37.Kd3 Bf4
38.Ra2 h5 39.b5 Kd8 40.b6 Kc8 41.Nb5 Kb7 42.Nxd6+ Kxb6 43.Rb2+ Kc7 44.Nb5+ Kb6
45.Nd4+ Ka6 46.Ne6 Bh6 47.g4 Rd1+ 48.Ke2 Rh1 49.Rb3 Rh2+ 50.Kf1 Bc1 51.d6 Rd2
52.d7  1-0